[Event "23rd Dubai Open 2023"]
[Site "Dubai UAE"]
[Date "2023.06.04"]
[Round "9.23"]
[White "Zou, Chen"]
[Black "Gharibyan, Mamikon"]
[Result "1/2-1/2"]
[WhiteTitle "IM"]
[BlackTitle "IM"]
[WhiteElo "2413"]
[BlackElo "2500"]
[WhiteFideId "8610959"]
[BlackFideId "13308300"]
[EventDate "2023.05.27"]

1. d4 Nf6 2. c4 e6 3. Nf3 d5 4. Nc3 Bb4 5. Bg5 Nbd7 6. cxd5 exd5 7. e3 h6 8. Bh4
g5 9. Bg3 Ne4 10. Nd2 Nxg3 11. hxg3 c6 12. Bd3 Nb6 13. Qc2 Be6 14. O-O-O Qf6 15.
f4 gxf4 16. gxf4 Bg4 17. Rdf1 O-O-O 18. Nf3 Bxf3 19. Rxf3 h5 20. Na4 Bd6 21.
Rfh3 h4 22. Nxb6+ axb6 23. Qf2 Rde8 24. Kb1 Kb8 25. Qf3 b5 26. a3 Qd8 27. g3
hxg3 28. Rxh8 Rxh8 29. Rxh8 Qxh8 30. Qxg3 Kc7 31. Qf3 Qh2 32. Ka2 Qd2 33. Qe2
Qxe2 34. Bxe2 b4 35. Kb3 bxa3 36. bxa3 c5 37. dxc5 Bxc5 38. Bf3 Bxe3 39. Bxd5
Bxf4 40. Bxf7 1/2-1/2

[Event "23rd Dubai Open 2023"]
[Site "Dubai UAE"]
[Date "2023.06.04"]
[Round "9.24"]
[White "Miladinovic, Igor"]
[Black "Uskov, Artem"]
[Result "0-1"]
[WhiteTitle "GM"]
[BlackTitle "IM"]
[WhiteElo "2507"]
[BlackElo "2367"]
[WhiteFideId "4203380"]
[BlackFideId "34254854"]
[EventDate "2023.05.27"]

1. d4 Nf6 2. c4 e6 3. Nc3 Bb4 4. g3 d5 5. Bg2 O-O 6. Nf3 dxc4 7. O-O Nc6 8. Qa4
Bd7 9. Qc2 Be7 10. e4 Nb4 11. Qe2 Nd3 12. Ne5 c5 13. Nxd3 cxd4 14. Ne5 dxc3 15.
Rd1 Qc8 16. bxc3 Bb5 17. a4 Ba6 18. Bg5 Qc7 19. Bf4 Qa5 20. g4 h6 21. h4 Nh7 22.
Qe3 Rfd8 23. g5 hxg5 24. hxg5 Nxg5 25. Nd7 Nh7 26. Qg3 Qh5 27. Bc7 Re8 28. Nb8
Bh4 29. Qd6 Ng5 30. Nxa6 bxa6 31. Qh2 Qg4 32. Kf1 e5 33. f3 Nxf3 34. Qh3 Nd2+
35. Rxd2 Qf4+ 36. Ke2 Qf2+ 37. Kd1 Qe1+ 38. Kc2 Qxa1 39. Qxh4 Rac8 40. Bd6 Rcd8 0-1

[Event "23rd Dubai Open 2023"]
[Site "Dubai UAE"]
[Date "2023.06.04"]
[Round "9.25"]
[White "Laddha, Shubh Jayesh"]
[Black "Raja, Rithvik R"]
[Result "1/2-1/2"]
[WhiteTitle "FM"]
[BlackTitle "GM"]
[WhiteElo "2397"]
[BlackElo "2476"]
[WhiteFideId "30942799"]
[BlackFideId "35007394"]
[EventDate "2023.05.27"]

1. e4 c5 2. Nf3 d6 3. d4 cxd4 4. Nxd4 Nf6 5. Nc3 a6 6. h3 e5 7. Nb3 Be7 8. g4 h6
9. Be3 b5 10. Nd5 Bb7 11. Bg2 Nxd5 12. exd5 Nd7 13. a4 O-O 14. O-O Bg5 15. Bxg5
Qxg5 16. Na5 Bc8 17. Nc6 b4 18. Nxb4 f5 19. gxf5 Nf6 20. Nc6 Kh7 21. Qc1 Qxf5
22. f4 Qg6 23. Ne7 Qh5 24. Qd1 Qe8 25. fxe5 Qxe7 26. Qd3+ Kg8 27. exf6 Rxf6 28.
Rxf6 Qxf6 29. Rf1 Qxb2 30. Qg6 Qe5 31. Kh1 Qe3 32. Kh2 Qe5+ 33. Kh1 Qe3 34. Kh2
Qe5+ 35. Kh1 1/2-1/2

[Event "23rd Dubai Open 2023"]
[Site "Dubai UAE"]
[Date "2023.06.04"]
[Round "9.26"]
[White "Mamatov, Melis"]
[Black "Hesham, Abdelrahman"]
[Result "1/2-1/2"]
[WhiteTitle "FM"]
[BlackTitle "GM"]
[WhiteElo "2399"]
[BlackElo "2409"]
[WhiteFideId "13800027"]
[BlackFideId "10600183"]
[EventDate "2023.05.27"]

1. e4 e5 2. Nf3 Nc6 3. Bc4 Bc5 4. d3 Nf6 5. c3 d6 6. O-O a6 7. Bb3 Ba7 8. Nbd2
O-O 9. Re1 Ng4 10. Re2 Kh8 11. h3 Nh6 12. Nf1 f5 13. Bg5 Qe8 14. d4 fxe4 15.
Rxe4 Qg6 16. Ng3 Nf5 17. Rg4 Qe8 18. Bc2 exd4 19. cxd4 Nxg3 20. Rxg3 Bf5 21. Be3
Ne7 22. Bb3 h6 23. Qc1 Bh7 24. Qxc7 Be4 25. Nd2 Rc8 26. Qa5 Rf5 27. Qa3 Bd5 28.
Re1 Qf8 29. Bxd5 Nxd5 30. Rf3 Re8 31. Qd3 Nf4 32. Qb1 Rc8 33. Bxf4 Rxf4 34. Qd3
Bxd4 35. b3 Be5 36. Rxf4 Qxf4 37. Nf3 Rc1 38. Kf1 Rxe1+ 39. Nxe1 Qb4 40. Nc2 Qc5
41. Qc4 b5 42. Qxc5 dxc5 43. Ke2 Kg8 44. Kd3 Kf7 45. a4 Bd6 46. axb5 axb5 47.
Ke4 Ke6 48. Na3 b4 49. Nc4 g5 50. g4 Bc7 51. Ne3 Be5 52. Nf5 h5 53. f3 hxg4 54.
fxg4 Bf6 55. Kd3 Kd5 56. Ne3+ Ke5 57. Kc4 Ke4 58. Nf5 Kf3 59. Kxc5 Kg2 60. Kxb4
Kxh3 61. Nh6 Bg7 62. Nf7 1/2-1/2

[Event "23rd Dubai Open 2023"]
[Site "Dubai UAE"]
[Date "2023.06.04"]
[Round "9.27"]
[White "Farahat, Ali"]
[Black "Sibashvili, Giorgi"]
[Result "0-1"]
[WhiteTitle "IM"]
[BlackTitle "IM"]
[WhiteElo "2361"]
[BlackElo "2408"]
[WhiteFideId "10600507"]
[BlackFideId "13602799"]
[EventDate "2023.05.27"]

1. d4 Nf6 2. Nf3 d5 3. e3 c5 4. c4 e6 5. Nc3 a6 6. dxc5 Bxc5 7. a3 dxc4 8. Qxd8+
Kxd8 9. Ne5 Ke7 10. Nxc4 Nc6 11. Na4 Ba7 12. Nab6 Rb8 13. b4 Nd5 14. Nxc8+ Rbxc8
15. Bb2 b5 16. Ne5 Nxe5 17. Bxe5 f6 18. Bb2 Rc2 19. Rb1 Rhc8 20. Be2 Nc3 21.
Bxc3 R8xc3 22. Bd1 Ra2 23. Bf3 Bb8 24. O-O Bd6 25. Bb7 Rcxa3 26. Rbc1 Ra4 27.
Rc6 Bxb4 28. Rc7+ Kd6 29. Rc6+ Kd7 30. Rfc1 Ra1 31. Rc7+ Kd8 32. Rc8+ Ke7 33.
Rc7+ Kf8 34. Rc8+ Kf7 35. g3 Bd2 36. Rc7+ Kg6 37. Rxa1 Rxa1+ 38. Kg2 b4 39. Rc6
a5 40. Rxe6 b3 41. Be4+ Kh6 42. Rb6 Bb4 0-1

[Event "23rd Dubai Open 2023"]
[Site "Dubai UAE"]
[Date "2023.06.04"]
[Round "9.28"]
[White "Yeganegi, Barad"]
[Black "Badelka, Olga"]
[Result "0-1"]
[BlackTitle "IM"]
[WhiteElo "2205"]
[BlackElo "2406"]
[WhiteFideId "42516340"]
[BlackFideId "13509926"]
[EventDate "2023.05.27"]

1. d4 Nf6 2. c4 e6 3. Nc3 Bb4 4. f3 d5 5. a3 Bxc3+ 6. bxc3 c5 7. cxd5 Nxd5 8.
dxc5 Qa5 9. e4 Ne7 10. Be3 O-O 11. Qb3 Qc7 12. Bb5 Nec6 13. Ne2 Na5 14. Qb4 Nbc6
15. Bxc6 Nxc6 16. Qa4 e5 17. f4 Bg4 18. f5 Rfd8 19. h3 Bxe2 20. Kxe2 b5 21. Qxb5
Rab8 22. Qa4 Nd4+ 23. cxd4 exd4 24. Kf3 dxe3 25. Rhd1 g5 26. fxg6 hxg6 27. Rxd8+
Qxd8 28. Rd1 Qf6+ 29. Kxe3 Qc3+ 30. Kf2 Qxc5+ 31. Qd4 Rb2+ 32. Kf3 Qh5+ 33. Kf4
Rxg2 34. Qd8+ Kg7 35. Rd3 Qe2 36. Ke5 Rf2 37. Qd4 Kh7 38. Kd5 Qa2+ 39. Qc4 Qb2
40. a4 Qf6 41. Qc6 Qg5+ 42. Kd4 Rf6 43. Qc7 Qg1+ 44. Kd5 Qb1 45. Qc4 Qb6 46. Qc5
Qb7+ 47. Kd4 Re6 48. e5 Qd7+ 49. Ke3 Qxa4 50. Kf3 Qh4 51. Kg2 Qe4+ 52. Rf3 Rxe5
53. Qxa7 Rf5 54. Qe3 Qxf3+ 55. Qxf3 Rxf3 56. Kxf3 Kh6 57. Kg4 f5+ 58. Kh4 g5+
59. Kg3 Kh5 60. h4 g4 0-1

[Event "23rd Dubai Open 2023"]
[Site "Dubai UAE"]
[Date "2023.06.04"]
[Round "9.29"]
[White "Buksa, Nataliya"]
[Black "Averin, Nikolay"]
[Result "0-1"]
[WhiteTitle "IM"]
[BlackTitle "FM"]
[WhiteElo "2406"]
[BlackElo "2259"]
[WhiteFideId "14123622"]
[BlackFideId "24250473"]
[EventDate "2023.05.27"]

1. e4 c5 2. Nf3 d6 3. d4 cxd4 4. Nxd4 Nf6 5. Nc3 a6 6. Be3 e6 7. Be2 b5 8. Bf3
e5 9. Nb3 Bb7 10. a3 Be7 11. g4 O-O 12. h4 Nbd7 13. g5 Ne8 14. Qe2 Rc8 15. Bg4
Rxc3 16. bxc3 Bxe4 17. Rg1 Bd5 18. Bf5 g6 19. Bg4 Bc4 20. Qd2 d5 21. f4 Nd6 22.
h5 Ne4 23. Qh2 d4 24. Rh1 exf4 25. hxg6 Nxg5 26. Bxf4 fxg6 27. Bxg5 h5 28. Bh6
Re8 29. Bxd7 Bd6+ 30. Bxe8 Qxe8+ 31. Kd1 Bxh2 32. Rxh2 dxc3 33. Nc1 Kh7 34. Bg5
Qe5 35. Rf2 Qxg5 36. Nd3 Qg1+ 0-1

[Event "23rd Dubai Open 2023"]
[Site "Dubai UAE"]
[Date "2023.06.04"]
[Round "9.30"]
[White "Saeed, Ishaq"]
[Black "Chernobay, Artem"]
[Result "0-1"]
[WhiteTitle "IM"]
[BlackTitle "GM"]
[WhiteElo "2303"]
[BlackElo "2484"]
[WhiteFideId "9301453"]
[BlackFideId "4167406"]
[EventDate "2023.05.27"]

1. d4 Nf6 2. c4 d6 3. Nf3 g6 4. g3 Bg7 5. Bg2 O-O 6. O-O Nc6 7. Nc3 e5 8. h3 Nd7
9. Bg5 f6 10. Be3 h6 11. dxe5 dxe5 12. Qc2 f5 13. Rad1 Rf7 14. Nh4 Kh7 15. Bd5
Nb4 16. Bxf7 Nxc2 17. Bxg6+ Kh8 18. Bxf5 Nd4 19. Bb1 Nf8 20. f4 Bxh3 21. fxe5 c5
22. Rf2 Be6 23. b3 Qc7 24. Rdf1 Kg8 25. Ne4 Qxe5 26. Bf4 Qh5 27. Bd6 Nd7 28. e3
Nc6 29. Bc2 Nce5 30. Bd1 Bg4 31. Bc2 b6 32. Rh2 Qe8 33. Rf4 Qe6 34. Rhf2 Re8 35.
Kh2 Bh5 36. Kg1 Ng4 37. Re2 Ngf6 38. Rd2 Nxe4 39. Bxe4 Nf6 40. Bd5 Nxd5 41. Rxd5
Qxe3+ 42. Kg2 Qe2+ 43. Rf2 Qe4+ 44. Kh2 Bg4 45. Ng2 h5 46. Rg5 Qd4 47. Rf8+ Rxf8
48. Be5 Qxe5 0-1

[Event "23rd Dubai Open 2023"]
[Site "Dubai UAE"]
[Date "2023.06.04"]
[Round "9.31"]
[White "Panda, Sambit"]
[Black "Tissir, Mohamed"]
[Result "1-0"]
[WhiteTitle "IM"]
[BlackTitle "IM"]
[WhiteElo "2436"]
[BlackElo "2354"]
[WhiteFideId "25091794"]
[BlackFideId "9000240"]
[EventDate "2023.05.27"]

1. d4 Nf6 2. c4 g6 3. Nc3 Bg7 4. e4 d6 5. h3 O-O 6. Be3 Nbd7 7. g4 a6 8. Qd2 c5
9. Bg2 cxd4 10. Bxd4 Ne5 11. b3 Nc6 12. Be3 h5 13. g5 Nd7 14. Rc1 Nc5 15. Nge2
Ne5 16. Nf4 b5 17. cxb5 axb5 18. O-O Bb7 19. f3 Qa5 20. Rc2 Rfd8 21. Ncd5 Qxd2
22. Rxd2 e6 23. Nc7 Rac8 24. Nxb5 Ba6 25. Nxd6 Bxf1 26. Nxc8 Rxc8 27. Kxf1 Na6
28. Ne2 Nb4 29. f4 Nec6 30. a3 Na6 31. Rc2 Rb8 32. Rxc6 1-0

[Event "23rd Dubai Open 2023"]
[Site "Dubai UAE"]
[Date "2023.06.04"]
[Round "9.32"]
[White "Ahmad, Al Khatib"]
[Black "Winkelman, Albert"]
[Result "1-0"]
[WhiteTitle "GM"]
[BlackTitle "FM"]
[WhiteElo "2344"]
[BlackElo "2227"]
[WhiteFideId "8103178"]
[BlackFideId "3219941"]
[EventDate "2023.05.27"]

1. e4 e5 2. Nf3 Nc6 3. Bb5 a6 4. Ba4 Nf6 5. O-O Be7 6. Bxc6 dxc6 7. d3 Nd7 8. b3
O-O 9. Bb2 Bd6 10. Nbd2 c5 11. Nc4 Re8 12. a4 b6 13. g3 Bb7 14. Nh4 b5 15. Ne3
g6 16. Nhg2 Bf8 17. f4 Bg7 18. f5 Nb6 19. a5 Nc8 20. Qf3 Nd6 21. f6 Bf8 22. Ng4
Nf5 23. Nh4 Nd4 24. Qe3 Re6 25. Rf2 h5 26. Qg5 Kh7 27. Nxe5 Qe8 28. Nef3 Nxf3+
29. Nxf3 Bh6 30. Qxc5 Rd8 31. Re1 Rd5 32. Qxc7 Ba8 33. Qc3 Rdd6 34. Bc1 Rc6 35.
Qa1 Rxf6 36. Bxh6 Kxh6 37. Ref1 Bb7 38. Qe5 Rce6 39. Qg5+ Kh7 40. Qd2 Kg8 41.
Qh6 Rxf3 42. Rxf3 Re7 43. Rf6 Bc8 44. Qf4 Be6 45. Qd6 Bc8 46. Qc6 Bd7 47. Qxa6
h4 48. Qd6 h3 49. Qf4 Be6 50. Qh6 Qc8 51. b4 Rc7 52. Rxe6 Qxe6 53. Qd2 Rc6 54.
Qf2 Qd7 55. Ra1 Qc8 56. Ra2 Qe6 57. Ra1 Qe5 58. Rf1 Qc7 59. c4 bxc4 60. b5 Rd6
61. b6 Qd7 62. a6 f5 63. b7 Qb5 64. dxc4 Qb4 65. exf5 Rf6 66. Qd4 Rf8 67. f6 Qb3
68. a7 Qxb7 69. Qd5+ Qxd5 70. cxd5 Ra8 71. Ra1 Kf7 72. Ra6 g5 73. g4 Ke8 1-0

[Event "23rd Dubai Open 2023"]
[Site "Dubai UAE"]
[Date "2023.06.04"]
[Round "9.34"]
[White "Mkrtchyan, Mariam"]
[Black "Bai, Adelard"]
[Result "1-0"]
[WhiteTitle "WIM"]
[BlackTitle "FM"]
[WhiteElo "2360"]
[BlackElo "2409"]
[WhiteFideId "13310828"]
[BlackFideId "16301188"]
[EventDate "2023.05.27"]

1. d4 Nf6 2. c4 e6 3. Nf3 Bb4+ 4. Bd2 Qe7 5. g3 Nc6 6. Nc3 Bxc3 7. Bxc3 Ne4 8.
Rc1 Nxc3 9. Rxc3 d6 10. Bg2 O-O 11. O-O e5 12. d5 Nb8 13. b4 a5 14. a3 Na6 15.
Qb3 axb4 16. axb4 c5 17. dxc6 bxc6 18. Ne1 Bd7 19. Nc2 Rfb8 20. Ra1 Qe8 21. Qb2
Be6 22. Ra5 Nc7 23. Rxa8 Nxa8 24. Ne3 Nb6 25. Qd2 Nc8 26. Ra3 Qd7 27. Ra6 Nb6
28. Qc3 Qc8 29. Ra7 Nd7 30. Qd2 d5 31. cxd5 cxd5 32. Nxd5 Qd8 33. Nc7 Bc4 34.
Bc6 Nf6 35. Qxd8+ Rxd8 36. Ra8 Rxa8 37. Nxa8 Bxe2 38. b5 Bxb5 39. Bxb5 Ne4 40.
Nb6 Nd6 41. Ba4 g6 42. Bb3 e4 43. Nc4 Nb5 44. Ne5 Nd6 45. Bd5 Kg7 46. Nc4 e3 47.
Nxe3 f5 48. f4 Kf6 49. Kf2 h6 50. Bb3 g5 51. Nd5+ Kg6 52. Bc2 Kf7 53. Ke3 Nc4+
54. Kd4 Nd2 55. Bxf5 Nf3+ 56. Ke3 Nxh2 57. Kf2 h5 58. fxg5 1-0

[Event "23rd Dubai Open 2023"]
[Site "Dubai UAE"]
[Date "2023.06.04"]
[Round "9.35"]
[White "Mandura, Tijana"]
[Black "Gajcin, Marina"]
[Result "1/2-1/2"]
[WhiteTitle "WIM"]
[BlackTitle "WIM"]
[WhiteElo "2203"]
[BlackElo "2256"]
[WhiteFideId "16500270"]
[BlackFideId "949086"]
[EventDate "2023.05.27"]

1. e4 c5 2. Nf3 e6 3. d4 cxd4 4. Nxd4 Nf6 5. Nc3 Nc6 6. Ndb5 Bb4 7. a3 Bxc3+ 8.
Nxc3 d5 9. exd5 exd5 10. Bd3 O-O 11. O-O d4 12. Ne2 Bg4 13. Bg5 Qd6 14. Qd2 Bxe2
15. Bf4 Qd5 16. Bxe2 Rfe8 17. Rfe1 Rad8 18. Bd3 Ne5 19. Bxe5 Rxe5 20. Rxe5 Qxe5
21. Re1 Qd6 22. Qb4 Qxb4 23. axb4 Nd5 24. b5 b6 25. Be4 Kf8 26. Ra1 Rd7 27. Bxd5
Rxd5 28. Rxa7 Rxb5 29. Ra2 d3 30. cxd3 Rb3 1/2-1/2

[Event "23rd Dubai Open 2023"]
[Site "Dubai UAE"]
[Date "2023.06.04"]
[Round "9.36"]
[White "Al Qudaimi, Basheer"]
[Black "Eric, Jovana"]
[Result "1-0"]
[WhiteTitle "IM"]
[BlackTitle "WGM"]
[WhiteElo "2401"]
[BlackElo "2217"]
[WhiteFideId "9400346"]
[BlackFideId "938238"]
[EventDate "2023.05.27"]

1. d4 Nf6 2. c4 e6 3. Nc3 Bb4 4. e3 O-O 5. Ne2 d5 6. a3 Be7 7. cxd5 exd5 8. Nf4
c6 9. Be2 a5 10. f3 Na6 11. e4 dxe4 12. fxe4 Nc7 13. Bf3 Ne6 14. Nfe2 Nd7 15.
O-O Nb6 16. Kh1 Ng5 17. Bf4 h6 18. Ng3 Nc4 19. Be2 b5 20. d5 cxd5 21. Nxd5 Bd6
22. b3 Bxf4 23. Rxf4 Ne5 24. Bxb5 Rb8 25. a4 Ng6 26. Rf2 Be6 27. Rd2 Kh8 28. Qg1
Qd6 29. Qd4 Rfd8 30. Bc4 Ne5 31. Nh5 Bg4 32. Ng3 Nc6 33. Qf2 Qe5 34. Re1 Be6 35.
h4 Nh7 36. Red1 Nf8 37. Ne3 Rxd2 38. Rxd2 Ng6 39. Bd5 Nce7 40. h5 Nf4 41. Bxe6
Nxe6 42. Rd7 Qg5 43. Nd5 Rxb3 44. Nxe7 Rxg3 45. Qxf7 Qh4+ 46. Kg1 Rxg2+ 47. Kxg2
Nf4+ 48. Qxf4 1-0